|
|
|
|
| LEADER |
00000nam0a2200000 4500 |
| 001 |
176571 |
| 005 |
20231031165336.0 |
| 010 |
|
|
|a 9785699340019
|
| 035 |
|
|
|a (RuTPU)RU\TPU\book\191417
|
| 090 |
|
|
|a 176571
|
| 100 |
|
|
|a 20100302d2009 m y0rusy50 ca
|
| 101 |
0 |
|
|a rus
|
| 102 |
|
|
|a RU
|
| 105 |
|
|
|a y z 000ay
|
| 200 |
1 |
|
|a Земля негодяев
|e роман
|f П. О. Марушкин
|
| 210 |
|
|
|a Москва
|c Эксмо
|d 2009
|
| 215 |
|
|
|a 384 с.
|
| 225 |
1 |
|
|a Абсолютное оружие
|
| 333 |
|
|
|a Исключено из фонда НТБ ТПУ
|
| 675 |
|
|
|a Р2
|v 3
|
| 700 |
|
1 |
|a Марушкин
|b П. О.
|g Павел
|
| 801 |
|
1 |
|a RU
|b 63413507
|c 20100302
|
| 801 |
|
2 |
|a RU
|b 63413507
|c 20221115
|g RCR
|
| 942 |
|
|
|c BK
|